Statistics for Harry Potter Family Quiz

Click here to take the quiz!

General Stats

  • This quiz has been taken 647 times
  • The average score is 11 of 13

Answer Stats

Hint Answer % Correct
Whose father is:James Potter
97%
Whose dog friend is:Sirius Black
95%
Whose derranged cousin is:Bellatrix Lestrange
90%
Whose alive twin brother is:George Weasley
90%
Whose son is:Draco Malfoy
89%
Who detestes a certain Mudblood:Hermione Granger
89%
Whose boyfriend is:Ron Weasley
89%
Whose sister is:Ginny Weasley
89%
Whose Husband is:Lucius Malfoy
88%
Whose father is:Arthur Weasley
88%
Whose wife is;Molly Weasley
88%
Whose sister is:Narcissa Malfoy
85%
Whos brother is:Gideon Prewett
44%

Score Distribution

Percentile by Number Answered

Percent of People with Each Score

Your Score History

You have not taken this quiz